Statistics for Five Best Summer Olympic Nations by Continent

Click here to take the quiz!

General Stats

  • This quiz has been taken 1,515 times
  • The average score is 26 of 29

Answer Stats

Continent # Country % Correct
North America2,520United States
99%
Europe847Great Britain
98%
North America302Canada
98%
Oceania497Australia
98%
Asia543China
97%
Oceania117New Zealand
97%
Europe713France
97%
Europe615Germany
97%
North America67Mexico
96%
South America128Brazil
96%
South America74Argentina
95%
Europe577Italy
95%
Africa86South Africa
95%
Asia439Japan
95%
South America13Chile
92%
South America27Colombia
91%
North America219Cuba
89%
Oceania1Fiji
89%
Africa100Kenya
89%
North America78Jamaica
88%
Africa29Egypt
86%
South America15Venezuela
85%
Asia441Russia
85%
Asia264South Korea
84%
Africa53Ethiopia
81%
Asia1,010Soviet Union
80%
Europe1,010Soviet Union
80%
Africa24Nigeria
78%
Oceania1Tonga
70%

Score Distribution

Percentile by Number Answered

Percent of People with Each Score

Your Score History

You have not taken this quiz